|
|
|
|
| LEADER |
00000nas a2200000 i 4500 |
| 001 |
ssj0001343333 |
| 003 |
WaSeSS |
| 005 |
20200512172242.0 |
| 006 |
m d |
| 007 |
cr n |
| 008 |
140122c20099999pl qr pss 0 a0eng |
| 010 |
|
|
|a 2015204068
|
| 022 |
|
|
|a 2066-6934
|l 2066-6926
|y 2066-6926
|
| 035 |
|
|
|a (WaSeSS)ssj0001343333
|
| 040 |
|
|
|a AU@
|b eng
|e pn
|c AU@
|d CUS
|d DLC
|d OCLCO
|d LND
|d OCP
|d OCLCF
|d OCLCO
|d OCL
|d OCLCO
|d OCLCQ
|d WaSeSS
|
| 042 |
|
|
|a pcc
|
| 050 |
0 |
0 |
|a TA342
|
| 210 |
0 |
|
|a Sci. j., Ser. math. modelling civ. eng.
|b (Tech. Univ. Civ. Eng. Buchar., Online)
|
| 222 |
|
0 |
|a Scientific journal. Series mathematical modelling in civil engineering
|b (Tehnical University of Civil Engineering Bucharest. Online)
|
| 245 |
0 |
0 |
|a Mathematical modelling in civil engineering
|h [electronic resource].
|
| 246 |
1 |
|
|a MMCE
|
| 246 |
1 |
|
|a Mathematical modeling in civil engineering
|
| 260 |
|
|
|3 -2013 :
|a [Warsaw, Poland] :
|b Versita
|
| 260 |
3 |
|
|3 2014- :
|a Warsaw, Poland :
|b De Gruyter Open
|
| 310 |
|
|
|a Quarterly
|
| 362 |
1 |
|
|a Print began in 2009.
|
| 506 |
|
|
|a License restrictions may limit access.
|
| 550 |
|
|
|a Journal of: Technical University of Civil Engineering of Bucharest.
|
| 588 |
|
|
|a Description based on: Vol. 9, no. 1 (2013); title from PDF caption (De Gruyter Online, viewed May 18, 2015).
|
| 588 |
|
|
|a Latest issue consulted: Vol. 10, no. 4 (2014) (De Gruyter Online, viewed May 18, 2015).
|
| 650 |
|
0 |
|a Civil engineering
|x Mathematical models
|v Periodicals.
|
| 650 |
|
0 |
|a Engineering
|x Mathematical models
|v Periodicals.
|
| 650 |
|
7 |
|a Civil engineering
|x Mathematical models
|2 fast
|0 (OCoLC)fst00862505
|
| 650 |
|
7 |
|a Engineering
|x Mathematical models.
|2 fast
|0 (OCoLC)fst00910373
|
| 655 |
|
0 |
|a Electronic journals.
|
| 710 |
2 |
|
|a Universitatea Tehnică de Construcții București.
|
| 776 |
0 |
8 |
|i Print version:
|t Mathematical modelling in civil engineering
|x 2066-6926
|w (DLC) 2009213555
|w (OCoLC)440706891
|
| 780 |
0 |
0 |
|t Scientific bulletin. Series, Mathematical modelling in civil engineering
|
| 850 |
|
|
|a DLC
|
| 856 |
4 |
0 |
|z Full text available from Research Library: 03/01/2009 to present
|u https://search.proquest.com/publication/54964
|